00554nam a22001817a 450000500170000001000150001702000230003203500130005503700130006808200080008110000190008924500760010826000380018427000650022230000210028750000400030865000240034820100821125728.0 aENG-101173 a8188573604c425.00 aEN-84706 bDBAD/PUB a720 aMahajan, T. T. aState kingship and architecture in pre-Mughal India /cby T. T. Mahajan aKanpurbChandralok Prakasanc2010 a132, Shivram Kripa' Mayur Park, Basant ViharbKanpure208021 a164p.c22cm (Hb) aIncludes bibliographical references aArchitecturezIndia